000 00484nam a2200133 a 4500
008 120416s1976 ||||||||||||||||| || u
050 _aHF 5635 Dix
100 _aDixon, Robert L
245 1 4 _aThe McGraw-Hill 36-hour accounting course
260 _aNew York
_bMcGraw-Hill
_c1976
300 _axxiii, 344p. : ill
350 _a0.00
995 _D0.00
_FCBU-MAIN LIBRARY (Kitwe)
_H1
_I0.00
_UAVAILABLE
_ZAnnex Low-Usage Collection
999 _c50784
_d50784